| 000 | 03021nam a22003497a 4500 | ||
|---|---|---|---|
| 001 | 104226 | ||
| 003 | KnowledgeUnlatched | ||
| 005 | 20210303104937.0 | ||
| 006 | m o d | ||
| 007 | cr u|||||||||| | ||
| 008 | 210129p20202020xx o u00| u eng d | ||
| 037 | _5BiblioBoard | ||
| 245 | 0 | 0 |
_aBurning the veil _bThe Algerian war and the 'emancipation' of Muslim women, 1954-62 / _cNeil Macmaster. |
| 020 | _a9781526146182 | ||
| 029 | 1 | _ahttps://library.biblioboard.com/ext/api/media/5b85e6e5-479f-4802-bdc4-e8825da81a94/assets/thumbnail.jpg | |
| 040 |
_aScCtBLL _cScCtBLL |
||
| 100 | 1 |
_aMacmaster, Neil _eauthor. |
|
| 264 | 1 | _bManchester University Press, | |
| 300 | _a1 online resource (1 p.) | ||
| 506 | 0 |
_aAccess copy available to the general public. _fUnrestricted _2star |
|
| 520 | _aIn May 1958, and four years into the Algerian War of Independence, a revolt again appropriated the revolutionary and republican symbolism of the French Revolution by seizing power through a Committee of Public Safety. This book explores why a repressive colonial system that had for over a century maintained the material and intellectual backwardness of Algerian women now turned to an extensive programme of 'emancipation'. After a brief background sketch of the situation of Algerian women during the post-war decade, it discusses the various factors contributed to the emergence of the first significant women's organisations in the main urban centres. It was only after the outbreak of the rebellion in 1954 and the arrival of many hundreds of wives of army officers that the model of female interventionism became dramatically activated. The French military intervention in Algeria during 1954-1962 derived its force from the Orientalist current in European colonialism and also seemed to foreshadow the revival of global Islamophobia after 1979 and the eventual moves to 'liberate' Muslim societies by US-led neo-imperialism in Afghanistan and Iraq. For the women of Bordj Okhriss, as throughout Algeria, the French army represented a dangerous and powerful force associated with mass destruction, brutality and rape. The central contradiction facing the mobile socio-medical teams teams was how to gain the trust of Algerian women and to bring them social progress and emancipation when they themselves were part of an army that had destroyed their villages and driven them into refugee camps. | ||
| 588 | 0 | _aDescription based on print version record. | |
| 590 | _aKU Select 2019: HSS Backlist Books | ||
| 650 | 7 |
_aReligion / Islam _2bisacsh |
|
| 650 | 0 | _aReligion | |
| 655 | 0 | _aElectronic books. | |
| 758 |
_iIs found in: _aKnowledge Unlatched _1https://openresearchlibrary.org/module/2774bc74-146a-484f-a7ba-ab1d6a09bbfb |
||
| 856 | 4 | 0 |
_uhttps://openresearchlibrary.org/content/5b85e6e5-479f-4802-bdc4-e8825da81a94 _zView this content on Open Research Library. _70 |
| 999 |
_c33050 _d33050 |
||